Most Streamed Gorillaz Songs - Statistics

General Stats
  • This quiz has been taken 82 times
  • The average score is 10 of 20
Answer Stats
# Streams Answer % Correct
1 2,361,309,106 Feel Good Inc.
98%
2 1,171,519,183 Clint Eastwood
94%
4 761,635,123 DARE
77%
3 1,018,180,349 On Melancholy Hill
70%
7 390,394,567 Dirty Harry
64%
10 227,307,425 19-2000
60%
5 662,880,613 Rhinestone Eyes
60%
19 146,661,024 Cracker Island
47%
20 138,396,821 Plastic Beach
45%
11 213,638,759 Empire Ants
43%
12 202,136,415 Kids with Guns
43%
6 425,095,842 She's My Collar
43%
16 158,567,898 Stylo
43%
18 147,003,270 El Mañana
40%
15 162,763,006 Humility
40%
8 288,719,865 New Gold
40%
17 148,279,086 Tranz
40%
14 181,092,035 Andromeda
26%
13 186,578,408 Saturnz Barz
23%
9 277,013,663 Tormenta
23%
No matching quizzes found
Score Distribution
Percent of People with Each Score
Percentile by Number Answered
Your Score History
You have not taken this quiz